Toy Story (1995) Movie References - Statistics

General Stats
  • This quiz has been taken 23 times
  • The average score is 3 of 21
Answer Stats
Hint Answer % Correct
1994 The Lion King
59%
1939 The Wizard of Oz
59%
1993 Jurassic Park
41%
1980 The Shining
35%
1977 Star Wars: A New Hope
29%
1979 Alien
24%
1985 Back to the Future
24%
1973 The Exorcist
18%
1980 Airplane!
12%
1967 The Graduate
12%
1981 Indiana Jones and the Raiders of the Lost Ark
6%
1986 Castle in the Sky
0%
1967 In Cold Blood
0%
1979 Lupin III: The Castle of Cagliostro
0%
1988 Midnight Run
0%
1987 Moonstruck
0%
1979 The Black Hole
0%
1986 The Christmas Toy
0%
1968 The Odd Couple
0%
1987 Throw Momma From the Train
0%
1990 Total Recall
0%
No matching quizzes found
Score Distribution
Percent of People with Each Score
Percentile by Number Answered
Your Score History
You have not taken this quiz